| 000 | 01345cam a22002895a 4500 | ||
|---|---|---|---|
| 001 | L145278 | ||
| 002 | 17477 | ||
| 008 | 080923s2008 xxk df 001 0 eng d | ||
| 020 | _a9781904829836 | ||
| 035 | _a(Sirsi) u145278 | ||
| 041 | 0 | _aeng | |
| 050 | 0 | 4 | _a692.5 $2 18 |
| 110 | 2 |
_aBuilding Cost Information Service _91096 |
|
| 245 | 0 | 0 |
_aEstimating price book _balterations and refurbishment : 2009 |
| 250 | _a14th ed. | ||
| 260 |
_aLondon _bBCIS _c2008 |
||
| 300 | _amultiple pagination $3 0 cm. | ||
| 520 | _aIncludes nearly 5,000 fully updated materials prices, almost 12,500 built-up work items and over 600 approximate estimating prices. A free download of the electronic pricing system is also available with the book. Contains unit rates, labour hours, material prices and waste factors, plant time, hire rates, detailed approximate estimating, preliminaries and day works, as well as a comprehensive memoranda list. A free download of the electronic pricing system is also available with the book. | ||
| 520 | _aA free download of the electronic pricing system is also available with the book. | ||
| 520 | _aSupersedes 13th ed. (ISBN 9781904829614). | ||
| 521 | _aAdvanced | ||
| 590 | _aKA | ||
| 651 | 4 |
_aUnited Kingdom _y |
|
| 690 | _aBUILT ENVIRONMENT-BUILDING COSTS | ||
| 700 | 1 |
_aBarnett, N.P. _eEditor |
|
| 942 | _n0 | ||
| 999 |
_c108741 _d108741 |
||